000 00283nam a2200121Ia 4500
005 20251222143115.0
008 251222s9999||||xx |||||||||||||| ||spa||
082 _a501/L29
100 _aLaudan, Larry
245 0 _aEl Progreso y sus Problemas:
264 _bEncuentro
942 _cLIB
999 _c11313
_d11313